00331nam a2200097Ia 45000010005000000080041000050820017000461000044000632450103001072600023002102915241024s9999 xx 000 0 und d aRD/731/F981t aFundación Huascar Rodríguez Herrera 0aTransforma el cemento en arte : Concurso de escultura de cemento "hombre, espacio y medio ambiente bPunto visualc2013